000 00551nam a2200181Ia 4500
003 GCL
008 140319s9999 xx 000 0 eng d
040 _aGCL /
_cGCL
082 0 4 _aCH
_b398.2
_bA F
100 1 _aASIAN CULTURAL CENTER FOR UNESCO
245 1 0 _aFOLK TALES FROM ASIA: FOR CHILDREN EVERY WHERE: BOOK ONE /
_cASIAN CULTURAL CENTER FOR UNESCO
260 _a[S.N] :
_bASIAN CULTURAL CENTRE FOR UNESCO ،
_c1991
300 _a53 P
650 0 4 _aLITERATURE
650 0 4 _aFOLKLORE - ASIA
650 0 4 _aFOLKLORE LITERATURE
942 _2ddc
_cBK
999 _c15122
_d15122